000 00625nam a2200205 i 4500
001 C2-0270676
003 PPAK
005 20180728001003.0
008 060809s2004 my |||| ||||| | eng d
040 _aPPAK
_beng
_cPPAK
_erda
245 0 0 _aLeveraging ICT For Better Services: The Sibu Municipal Council's Experience
264 1 _aSibu, Sarawak :
_c2004
300 _a12 pages ;
_c30 cm
336 _2rdacontent
_atext
337 _2rdamedia
_aunmediated
338 _2rdacarrier
_avolume
500 _aMesyuarat Jawatankuasa Perunding Perbadanan Perbandaran - Perbandaran Malaysia
700 _eauthor
942 _ddc
_cB
999 _c79183
_d79183